| 000 | 00444nam a2200169 a 4500 | ||
|---|---|---|---|
| 005 | 20210223120656.0 | ||
| 008 | 991125s1977 mx 000 0 spa u | ||
| 035 | _aUPN01000005209 | ||
| 049 | _aCG | ||
| 050 | 4 |
_aPL3000 _bJ3.3 1977 |
|
| 100 | 1 | _aJao, Yan | |
| 245 | 1 | 0 |
_aAves camoras en el árbol / _cJao Yan. |
| 260 |
_aPekín : _bLenguas Extranjeras, _c1977. |
||
| 300 |
_a78 p. : _bil. col. |
||
| 650 | 4 |
_aNOVELA CHINA _914876 |
|
| 905 | _aLibro | ||
| 999 |
_c5209 _d5209 |
||